Democratization of Communication (Record no. 211304)

MARC details
000 -LEADER
fixed length control field 00572nam a22001697a 4500
010 ## - LCCN (DPL NO)
LC control number ENG-144879
020 ## - INTERNATIONAL STANDARD BOOK NUMBER
International Standard Book Number 9788188503391
Terms of availability 1195.00
035 ## - SYSTEM CONTROL NUMBER
System control number EN-128411
037 ## - SOURCE OF ACQUISITION
Source of stock number/acquisition DBAD
082 ## - DEWEY DECIMAL CLASSIFICATION NUMBER
Classification number 338.90014
100 ## - MAIN ENTRY--PERSONAL NAME
Personal name Batra Sandeep
245 ## - TITLE STATEMENT
Title Democratization of Communication
Statement of responsibility, etc Sandeep Batra
260 ## - PUBLICATION, DISTRIBUTION, ETC. (IMPRINT)
Date of publication, distribution, etc 2017
Place of publication, distribution, etc Delhi
Name of publisher, distributor, etc Pratibha Book Distributors
270 ## - ADDRESS
City Delhi
Address 821-B,Guru Ramdas Nagar Ext. Gurudwara Road,Laxmi Nagar
Postal code 110092
Electronic mail address pratibhabookdistributors@gmail.com
300 ## - PHYSICAL DESCRIPTION
Extent 272p.
Dimensions 22cm(HB)
942 ## - ADDED ENTRY ELEMENTS (KOHA)
Source of classification or shelving scheme Dewey Decimal Classification
Item type English Books
Classification part 338.90014
Call number suffix BAT
Holdings
Withdrawn status Lost status Not for loan Home library Current library Date acquired Cost, normal purchase price Full call number Barcode Copy number Cost, replacement price Koha item type
    Not For Loan D.B.Act.Division D.B.Act.Division 16/05/2025 1195.00 338.90014 BAT EN-128411 1 1195.00 English Books

© Delhi Public Library
Hit Counter
free hit counter